Jennie - Love Hangover (with Dominic Fike) (Lyrics) - Statistics

General Stats
  • This quiz has been taken 149 times
  • The average score is 329 of 500
Answer Stats
Lyrics % Correct
I
96%
a
93%
love
93%
me,
90%
me
90%
You
90%
you
90%
you?
90%
hangover
89%
hangover,
89%
do,
88%
do
88%
it
88%
This
86%
this
86%
Fight
85%
fight
85%
so
85%
so,
85%
with
84%
And
79%
and
79%
I'm
79%
up,
79%
up
79%
go
78%
over,
78%
over
78%
when
78%
again?
77%
again
77%
but
77%
But
77%
time
77%
Who
77%
don't
74%
it's
74%
keep
74%
wake
74%
Know
73%
know
73%
ba
71%
for
71%
fucking
71%
shit,
71%
shit
71%
shit)
71%
unlike
71%
never
70%
every
68%
got
67%
be
66%
sent
66%
talk,
66%
back,
64%
back)
64%
back
64%
Back,
64%
'round
64%
'round?
64%
wanna
64%
Wanna
64%
gon'
63%
in
63%
say
63%
Oh
62%
oh
62%
oh,
62%
(Oh,
62%
the
62%
behind
59%
on,
59%
really
59%
to
59%
two
59%
We
59%
we
59%
play
58%
made
56%
ain't
55%
I'd
55%
shady
55%
did
53%
gonna
53%
leave
53%
(Call
52%
call
52%
lying
52%
swore
52%
woke
52%
come
51%
my
51%
was
51%
came
49%
had
49%
mind
49%
one,
49%
One
49%
swear
49%
double,
48%
that?
48%
that
48%
Ah,
47%
ah
47%
baby
47%
now,
47%
now
47%
pourin'
47%
triple
47%
all
45%
I'll
45%
right
45%
said,
45%
Until
45%
Yeah,
45%
yeah)
45%
cracked
44%
cold,
42%
even
42%
Even
42%
father
42%
lip
42%
can't
41%
daze,
41%
started
41%
crazy
40%
She
40%
she
40%
switch
38%
bitch,
37%
single,
37%
(Single,
37%
sweat
37%
her
36%
dead,
34%
get
34%
hate
34%
possum
34%
Then
34%
apart,
33%
awesome"
33%
head
33%
might
33%
next,
33%
playing
33%
what's
33%
apartment
32%
at
32%
jokes,
32%
naked
32%
night
32%
not
32%
"Okay,
32%
'til
32%
wants
32%
dinner
30%
drink
30%
if
30%
Just
30%
"Let's
30%
mine"
30%
barely
29%
check,
29%
growin'
29%
last
29%
minute,
29%
spoke
29%
them
29%
told
29%
waiter
29%
we're
29%
brought
27%
heart
27%
meet
27%
watchin'
27%
could
25%
hardly
25%
there
25%
thinkin'
25%
(Uh
25%
Uh
25%
uh
25%
wanted
25%
still
23%
though
23%
babe
22%
feel
19%
ah-oh
15%
huh),
11%
huh)
11%
huh,
11%
huh
11%
No matching quizzes found
Score Distribution
Percent of People with Each Score
Percentile by Number Answered
Your Score History
You have not taken this quiz